Datum a čas kvízu
34.5
Celkem bodů
Celkový počet nahraných bodů na tomto kvízu bez doplňovacích otázek.
2.
Pořadí na kvízu
Konečné umístění týmu na tomto kvízu.
Zaznamenané odpovědi
| # | Otázka | Odpověď | Body | Výsledky |
|---|---|---|---|---|
| 1. | Návštěvníci Pražského hradu mo... | C) včelín | 1 | |
| 2. | Kanaďan Nick Chowdhury před 33... | A | 1 | |
| 3. | Jednu miliardu dolarů. Tolik j... | Queen | 0 | |
| 4. | Minulý týden oznámili organizá... | v Ženevě | 1 | |
| 5. | V pondělí se v anglickém Brock... | sýr | 1 | |
| 6. | Kterým výrazem na písmeno M se... | mixologie | 1 | |
| 7. | Ernest Hemingway měl údajně v... | Daiquiri | 0 | |
| 8. | Oblíbenou složkou míchaných ná... | z pomerančů | 1 | |
| 9. | Ve filmu Někdo to rád horké se... | Manhattan | 0 | |
| 10. | V poslední otázce se podíváme... | vaječný likér; griotku | 1 |